| 000 | 01105cam a2200277 4500 | ||
|---|---|---|---|
| 008 | 040913t2013 000 0 eng u | ||
| 041 | _aeng | ||
| 110 | 2 |
_aRoyal Institution of Chartered Surveyors _94900 |
|
| 245 | 0 | 0 |
_aCommercial awareness in Real Estate Graduates _h[electronic resource] |
| 260 |
_aLondon _bRICS _cApril 2013 |
||
| 300 | _a52p. | ||
| 490 | 0 | _aRICS Research | |
| 520 | _aThe aim of this research was to evaluate how and to what extent the UK Royal Institution of Chartered Surveyors (RICS) accredited real estate courses equip graduates with the full range of competencies in commercial awareness. | ||
| 650 | 2 | 4 | _aSURVEYING PROFESSION |
| 650 | 2 | 4 | _aEMPLOYABILITY |
| 650 | 2 | 4 | _aEDUCATION |
| 651 | 4 | _aUnited Kingdom | |
| 690 |
_aRICS _96277 |
||
| 700 | 1 | _aPoon, Joanna | |
| 700 | 1 | _aEriksson, Clare | |
| 700 | 1 | _aRowlands, James | |
| 700 | 1 | _aJohal, Amanprit | |
| 700 | 1 | _aFielder, Auriel | |
| 856 | 4 | 8 |
_uhttp://www.propertyresearchtrust.org/uploads/1/3/4/8/134819607/commercial_awareness_in_graduates.pdf _zAvailable from the Property Research Trust |
| 942 |
_n0 _2ddc |
||
| 999 |
_c121757 _d121757 |
||